Países que reclaman soberanía en la Antártida - Estadísticas

Estadísticas generales
  • Esta prueba ha sido intentada 57 veces
  • La puntuación promedio es 6 de 7
Estadísticas de respuestas
Respuesta % Correcto
Argentina
100%
Chile
100%
Australia
96%
Nueva Zelanda
90%
Reino Unido
88%
Francia
82%
Noruega
54%
No se encontraron pruebas coincidentes
Distribución de puntuación
Porcentaje de gente con cada puntuación
Porcentaje por número respondido
Historial de tus puntuaciones
No has intentado esta prueba.